| 000 | 00907nam a2200217 a 4500 | ||
|---|---|---|---|
| 008 | 120416s1987 ||||||||||||||||| || u | ||
| 020 | _a0256031401 | ||
| 050 | _aHF 5691 Bow | ||
| 100 | _aBowen, Earl K | ||
| 245 | 1 | 0 | _aMathematics: with applications in management and economics. (6th ed.) |
| 250 | _a6th ed. | ||
| 260 |
_aHomewood Ill.: _bIrwin _c1987 |
||
| 300 | _axxii, 993p. : ill. | ||
| 350 | _a0.00 | ||
| 650 | 0 | _aECONOMICS, MATHEMATICAL | |
| 650 | 0 | _aBUSINESS MATHEMATICS | |
| 650 | 0 | _aMATHEMATICS--HANDBOOKS, MANUALS, ETC | |
| 700 | _aSaber, John C | ||
| 995 |
_aBINDERY (DAMAGED) _D0.00 _e702057 _FCBU-MAIN LIBRARY (Kitwe) _H1 _I35.95 _jHF 5691 Bow _M1 _UDAMAGED _WMay 19, 2006 _y702057 _ZMain Library Open Access Collection |
||
| 995 |
_aMAIN LIBRARY OPEN ACCESS _D0.00 _e722801 _FCBU-MAIN LIBRARY (Kitwe) _H1 _I0.00 _jHF 5691 Bow _M1 _UAVAILABLE _WApr 24, 2006 _y017933 _ZMain Library Open Access Collection |
||
| 999 |
_c82766 _d82766 |
||